00444nam a22001577a 450000500170000001000150001702000260003203500140005803700130007208200080008510000190009324500540011226000460016627000550021230000190026720170809171310.0 aENG-119608 a9789380887111c995.00 aEN-103140 bDBAD/PUB a954 aSaraf, Veer J. aMy India and the world around /cby Veer J. Saraf aNew DelhibJuggernaut Publications c2015 aF-3/16, Ansari Road Darya GanjbNew Delhi e110002 a414pc21cm(Hb)